| 000 | 00475nam a22001817a 4500 | ||
|---|---|---|---|
| 003 | CEME | ||
| 005 | 20210628210409.0 | ||
| 008 | 210216b xxu||||| |||| 00| 0 eng d | ||
| 020 | _a0-553-37542-3 | ||
| 040 | _c. | ||
| 082 | _a291.446 SPA | ||
| 100 |
_aSpangler, Davi _979214 |
||
| 245 | _aEveryday miracls the inner art of manifestatio | ||
| 260 |
_aUSA _bBANTAM BOOKS _c1996 |
||
| 300 | _a237P | ||
| 650 |
_aMIRACLES OCCULTISM SPIRITUAL LIFE _979215 |
||
| 942 |
_cBK _2ddc |
||
| 999 |
_c584268 _d584268 |
||